000 00667nam a22001937a 4500
999 _c166356
_d166356
005 20190722125509.0
010 _aENG-126032
020 _a9788178442235
_c1495.00
035 _aEN-109564
037 _bDBAD/PUB
082 _a371.33
100 _aSharma, Anita
245 _aScientific methods in educational technology /
_cby Anita Sharma
260 _aNew Delhi
_bR.K. Pulblications
_c2018
270 _a4806/24, Bharat Ram Road, Darya Ganj
_bNew Delhi
_e110002
_k011-23285167, 65185557
_minfo@kkpublications.com
300 _aviii,264p.
_c24cm(Hb)
500 _aIncludes bibliographical references and index
942 _2ddc
_cEN
_h371.33
_mSHA